ბათუმის შოთა რუსთაველის სახელმწიფო უნივერსიტეტის ბიბლიოთეკა

ალპური მესაქონლეობა საქართველოში. (ბიბ.ჩანაწერი № 44860)

000 -LEADER
fixed length control field 00974nam a2200229Ia 4500
001 - CONTROL NUMBER
control field 11674
003 - CONTROL NUMBER IDENTIFIER
control field GE_BSU
008 - FIXED-LENGTH DATA ELEMENTS--GENERAL INFORMATION
fixed length control field 181216s||||||||xx |||||||||||||| ||und||
040 ## - CATALOGING SOURCE
Transcribing agency GE_BSU
080 ## - UNIVERSAL DECIMAL CLASSIFICATION NUMBER
Universal Decimal Classification number 392(=353.1)+636(479.223)(09)
100 ## - MAIN ENTRY--PERSONAL NAME
Personal name შამილაძე,ვ.
245 ## - TITLE STATEMENT
Title ალპური მესაქონლეობა საქართველოში.
245 ## - TITLE STATEMENT
Remainder of title აჭარის მესაქონლეობის ეთნოგრაფიული შესწავლა.
245 ## - TITLE STATEMENT
Statement of responsibility, etc. რედ:მ.გეგეშიძე;მხატვ:გ.ნადირაძე.
260 ## - PUBLICATION, DISTRIBUTION, ETC.
Place of publication, distribution, etc. თბილისი.
260 ## - PUBLICATION, DISTRIBUTION, ETC.
Name of publisher, distributor, etc. მეცნიერება.
260 ## - PUBLICATION, DISTRIBUTION, ETC.
Date of publication, distribution, etc. 1969.
300 ## - PHYSICAL DESCRIPTION
Extent 189გვ;26სმ.
300 ## - PHYSICAL DESCRIPTION
Accompanying material საძიებელი:გვ.161;ტაბულები:გვ.191.
653 ## - INDEX TERM--UNCONTROLLED
Uncontrolled term ალპური მესაქონლეობა საქართველოში.
942 ## - ADDED ENTRY ELEMENTS (KOHA)
Koha item type წიგნი
ეგზემპლარები
Withdrawn status Lost status Damaged status Not for loan Date acquired Barcode Date last seen Price effective from Koha item type
        2018-12-17 20375 2018-12-17 2018-12-17 წიგნი
        2018-12-17 20376 2018-12-17 2018-12-17 წიგნი